| 000 | 00576nam a2200193Ia 4500 | ||
|---|---|---|---|
| 005 | 20250423095302.0 | ||
| 008 | 250422s9999 xx 000 0 und d | ||
| 020 | _a9781529775952 | ||
| 050 | _aRB 113 .E87/ | ||
| 100 | _aEdited by Cook, Neal | ||
| 245 | 0 | _aEssentials of pathophysiology for nursing practice | |
| 250 | _a2nd ed. | ||
| 260 | _aUnited Kingdom | ||
| 260 | _bSage Publication | ||
| 260 | _c2024 | ||
| 300 | _axiii, 611p.: ill. | ||
| 650 | _aPhysiology, Pathological--Textbooks. Nursing--Textbooks. Patient-centered health care--Textbooks. | ||
| 942 | _cBK | ||
| 999 |
_c29810 _d29810 |
||